000 00352nam a22001217a 4500
999 _c4639
_d4639
008 250306b ||||| |||| 00| 0 eng d
020 _a9781474860703
082 _aFIC DIS
100 _aDISNEY
245 _aFINDING NEMO
260 _aCHARTIST HOUSE,15-17 TRIM STREET,BATH BA1 1HA,UK
_bADVANTAGE QUEST PUBLICATIONS,PARRAGON BOOKS LTD
_c2017
942 _2ddc